Digital Transformation in Marketing technology and Industrial Trends/ (Record no. 211847)

MARC details
000 -LEADER
fixed length control field 00775nam a2200229 4500
005 - DATE AND TIME OF LATEST TRANSACTION
control field 20250617113544.0
010 ## - LCCN (DPL NO)
LC control number ENG-145409
020 ## - INTERNATIONAL STANDARD BOOK NUMBER
International Standard Book Number 9789361636691
Terms of availability 370.00
035 ## - SYSTEM CONTROL NUMBER
System control number EN-128941
037 ## - SOURCE OF ACQUISITION
Source of stock number/acquisition DBAD
082 ## - DEWEY DECIMAL CLASSIFICATION NUMBER
Classification number 657
100 ## - MAIN ENTRY--PERSONAL NAME
Personal name Anirudhan, B.
245 ## - TITLE STATEMENT
Title Digital Transformation in Marketing technology and Industrial Trends/
Statement of responsibility, etc B. Anirudhan...[et.al]
260 ## - PUBLICATION, DISTRIBUTION, ETC. (IMPRINT)
Place of publication, distribution, etc Madurai
Name of publisher, distributor, etc Shanlax Publications
Date of publication, distribution, etc 2024
270 ## - ADDRESS
Address 61,66 Vasantha Nagar
City Madurai
Postal code 625003
Electronic mail address shanlaxpublications@gmail.com
300 ## - PHYSICAL DESCRIPTION
Extent 139p.
Dimensions 24cm(Pb)
700 ## - ADDED ENTRY--PERSONAL NAME
Personal name M. Shanthana Lakshmi
Relator term Author
9 (RLIN) 82092
700 ## - ADDED ENTRY--PERSONAL NAME
Personal name K. Rajarajeswari
Relator term Author
9 (RLIN) 82093
700 ## - ADDED ENTRY--PERSONAL NAME
Personal name R. Mahadevi
Relator term Author
9 (RLIN) 82094
700 ## - ADDED ENTRY--PERSONAL NAME
Personal name S. Shanthi
9 (RLIN) 82101
942 ## - ADDED ENTRY ELEMENTS (KOHA)
Source of classification or shelving scheme Dewey Decimal Classification
Item type English Books
Classification part 658.8093321
Call number suffix ANI
Holdings
Withdrawn status Lost status Not for loan Collection code Home library Current library Date acquired Source of acquisition Cost, normal purchase price Full call number Barcode Copy number Cost, replacement price Koha item type
      Non-fiction Sarojini Nagar Sarojini Nagar 17/06/2025 Delivery of Books Act Division 370.00 658.8093321 ANI EN-128941 1 370.00 English Books

© Delhi Public Library
Hit Counter
free hit counter